[Event "Mitropacup 2006 Women´s section"]
[Site "Brno, Hotel Bobbycentrum"]
[Date "????.??.??"]
[Round "8.5"]
[White "Ohme, Melanie"]
[Black "Gregorova, Zuzana"]
[Result "1/2-1/2"]
[WhiteElo "2123"]
[BlackElo "2145"]
[PlyCount "93"]
[EventDate "2006.09.07"]

1. e4 d5 2. exd5 Nf6 3. d4 Nxd5 4. Nf3 g6 5. c4 Nb6 6. a4 a5 7. c5 Nd5 8. Bc4
Bg7 9. Nc3 c6 10. Qb3 O-O 11. Nxd5 cxd5 12. Bxd5 Nc6 13. O-O e6 14. Bxc6 bxc6
15. Bf4 Qd5 16. Qxd5 exd5 17. b4 axb4 18. Rfb1 Bf5 19. Rxb4 Bc2 20. Ne5 Bxe5
21. Bxe5 Ra7 22. a5 Bd3 23. Bb8 Ra8 24. Bc7 Ra7 25. Bb6 Re7 26. f3 Ba6 27. Kf2
Rfe8 28. Kg3 Kg7 29. h4 h5 30. Kf4 Kh6 31. Rb2 f6 32. g4 g5+ 33. Kg3 hxg4 34.
Kxg4 f5+ 35. Kh3 g4+ 36. fxg4 Re3+ 37. Kg2 fxg4 38. Bc7 Kh5 39. Bf4 R3e4 40.
Be5 Kxh4 41. Rf2 Kg5 42. Rb1 Bb5 43. Rh1 Ra8 44. Rh8 Rxh8 45. Bxh8 Re2 46. Rxe2
Bxe2 47. Kg3 1/2-1/2

[Event "Mitropacup 2006 Women´s section"]
[Site "Brno, Hotel Bobbycentrum"]
[Date "????.??.??"]
[Round "8.5"]
[White "Machalova, Erika"]
[Black "Hoolt, Sarah"]
[Result "0-1"]
[WhiteElo "2064"]
[BlackElo "2122"]
[PlyCount "84"]
[EventDate "2006.09.07"]

1. d4 Nf6 2. Bg5 d5 3. Bxf6 exf6 4. g3 Bd6 5. Bg2 c6 6. e3 Nd7 7. Ne2 f5 8. O-O
Nf6 9. Nd2 Be6 10. c3 g5 11. Qc2 h5 12. c4 h4 13. cxd5 Nxd5 14. e4 fxe4 15.
Nxe4 f5 16. Nc5 Bxc5 17. dxc5 Qf6 18. Qa4 hxg3 19. hxg3 f4 20. Nd4 O-O-O 21.
Nxe6 Qxe6 22. Qxa7 fxg3 23. Qa8+ Kc7 24. Qa5+ Kb8 25. Qe1 Qh6 26. Qe5+ Ka8 27.
Qxg3 Nf4 28. Rfe1 Rd3 29. Qg4 Qh2+ 30. Kf1 Rh4 31. Qxg5 Nxg2 32. Qxg2 Qf4 33.
Rad1 Rxd1 34. Rxd1 Qc4+ 35. Kg1 Rg4 36. Rf1 Rxg2+ 37. Kxg2 Qg4+ 38. Kh2 Qe2 39.
Kg1 Qxb2 40. f4 Qxa2 41. f5 Qd5 42. f6 Qxc5+ 0-1

[Event "Mitropacup 2006 Women´s section"]
[Site "Brno, Hotel Bobbycentrum"]
[Date "????.??.??"]
[Round "9.1"]
[White "Zavadilova, Jana"]
[Black "Machalova, Erika"]
[Result "1/2-1/2"]
[WhiteElo "2057"]
[BlackElo "2064"]
[PlyCount "97"]
[EventDate "2006.09.07"]

1. d4 Nf6 2. c4 e6 3. Nc3 Bb4 4. Nf3 b6 5. g3 Bb7 6. Bg2 Ne4 7. Qd3 f5 8. O-O
Nxc3 9. bxc3 Be4 10. Qe3 Be7 11. Rd1 d6 12. Ba3 Nd7 13. Rac1 Nf6 14. h3 h6 15.
Kh2 g5 16. c5 g4 17. cxd6 cxd6 18. Ne1 gxh3 19. Bxh3 h5 20. f3 Ng4+ 21. Bxg4
hxg4+ 22. Kg1 Bg5 23. f4 Bf6 24. Nd3 Qd7 25. Nf2 Qh7 26. Kf1 Kd7 27. Ke1 Bc6
28. Kd2 Qf7 29. c4 Rac8 30. Qd3 Rh2 31. Ke3 Re8 32. c5 Qg7 33. cxd6 Rg2 34. Nh1
Rh8 35. Rxc6 Bxd4+ 36. Kd2 Kxc6 37. Rc1+ Bc5 38. Bxc5 Rxh1 39. Bg1+ Kb7 40.
Rc7+ Qxc7 41. dxc7 Kxc7 42. Qc3+ Kb7 43. Qg7+ Ka6 44. Be3 Rxg3 45. Qd7 Rhh3 46.
Qa4+ Kb7 47. Qd7+ Ka6 48. Qa4+ Kb7 49. Qd7+ 1/2-1/2

[Event "Mitropacup 2006 Women´s section"]
[Site "Brno, Hotel Bobbycentrum"]
[Date "????.??.??"]
[Round "9.2"]
[White "Machalova, Veronika"]
[Black "Ohme, Melanie"]
[Result "1/2-1/2"]
[WhiteElo "2212"]
[BlackElo "2123"]
[PlyCount "191"]
[EventDate "2006.09.07"]

1. e4 c5 2. Nf3 e6 3. d4 cxd4 4. Nxd4 a6 5. Bd3 Bc5 6. Nb3 Ba7 7. O-O Nc6 8.
Qe2 d6 9. Be3 Nge7 10. Bxa7 Rxa7 11. Kh1 e5 12. Nc3 O-O 13. Rad1 b5 14. Rd2 Be6
15. Rfd1 Na5 16. Qe3 Rd7 17. Be2 Nxb3 18. axb3 f5 19. exf5 Nxf5 20. Qe4 Rf6 21.
Bg4 Qf8 22. Nd5 Rg6 23. Bxf5 Qxf5 24. Qxf5 Bxf5 25. f3 Re6 26. Kg1 e4 27. Ne3
Bg6 28. f4 Bf7 29. f5 Rf6 30. g4 d5 31. Nxd5 Bxd5 32. Rxd5 Rxd5 33. Rxd5 g6 34.
Kf2 Rc6 35. c3 Kg7 36. Ke3 gxf5 37. Rxf5 Rh6 38. Rf2 Rh4 39. Rg2 Kf6 40. Kxe4
h5 41. Kf4 hxg4 42. b4 Rh8 43. Kxg4 Rg8+ 44. Kf3 Rh8 45. Ke4 Rh5 46. Kd4 Kf7
47. Re2 Kf6 48. Re8 Kf7 49. Ra8 Rh6 50. Kc5 Ke7 51. Ra7+ Kd8 52. Rg7 Rxh2 53.
Rg6 Kc7 54. Rxa6 Rh5+ 55. Kd4 Rh4+ 56. Kd3 Rh3+ 57. Kc2 Rh2+ 58. Kb3 Rh3 59.
Rf6 Rg3 60. Rf5 Kc6 61. Rc5+ Kb6 62. Ka3 Rh3 63. Kb3 Rg3 64. Rd5 Kc6 65. Rd2
Rh3 66. Kc2 Rg3 67. Rd3 Rg2+ 68. Rd2 Rg8 69. Re2 Rg3 70. Kd2 Rh3 71. Rf2 Rg3
72. Ke2 Rh3 73. Kd2 Rg3 74. Rf6+ Kc7 75. Re6 Rg2+ 76. Re2 Rg3 77. b3 Kc6 78.
Re3 Rg2+ 79. Kd3 Rb2 80. Re6+ Kc7 81. Kd4 Rxb3 82. Kc5 Rxc3+ 83. Kxb5 Rh3 84.
Rg6 Rh4 85. Rg7+ Kb8 86. Ka5 Rh6 87. b5 Rf6 88. Rd7 Rh6 89. Rf7 Rg6 90. Rf5 Kb7
91. Rf7+ Kb8 92. b6 Rg1 93. Rf4 Kb7 94. Rf7+ Kb8 95. Kb5 Rb1+ 96. Kc6 1/2-1/2

[Event "Mitropacup 2006 Women´s section"]
[Site "Brno, Hotel Bobbycentrum"]
[Date "????.??.??"]
[Round "9.2"]
[White "Hoolt, Sarah"]
[Black "Machalova, Maria"]
[Result "1/2-1/2"]
[WhiteElo "2122"]
[BlackElo "2166"]
[PlyCount "95"]
[EventDate "2006.09.07"]

1. e4 c5 2. Nf3 Nc6 3. c4 g6 4. d4 cxd4 5. Nxd4 Bg7 6. Be3 Nf6 7. Nc3 d6 8. Be2
O-O 9. O-O Bd7 10. f3 a5 11. Qd2 Nxd4 12. Bxd4 Bc6 13. Rfe1 Nd7 14. Be3 Nc5 15.
Rac1 Qb6 16. Kh1 Rfc8 17. Bf1 Qd8 18. Rc2 h5 19. Qf2 b6 20. g3 Qd7 21. Bg5 Rc7
22. Nd5 Bxd5 23. exd5 Re8 24. Qe3 Qf5 25. Rg2 f6 26. Bh4 e5 27. g4 hxg4 28.
Rxg4 Qh5 29. Bf2 Bh6 30. Qc3 Rh7 31. Rh4 Qf5 32. Bh3 Qd3 33. Be6+ Kg7 34. Bxc5
Qxc3 35. bxc3 dxc5 36. Rg1 Rd8 37. Bf5 Bg5 38. Rxh7+ Kxh7 39. Be4 Rg8 40. d6
Rd8 41. h4 f5 42. Bxf5 gxf5 43. Rxg5 f4 44. Rxe5 Rxd6 45. Rf5 Rd3 46. Rxf4 Rxc3
47. Rf7+ Kg8 48. Rf6 1/2-1/2

[Event "Mitropacup 2006 Women´s section"]
[Site "Brno, Hotel Bobbycentrum"]
[Date "????.??.??"]
[Round "9.3"]
[White "Rozic, Vesna"]
[Black "Gheorghe, Corina"]
[Result "1/2-1/2"]
[WhiteElo "2252"]
[BlackElo "2257"]
[PlyCount "54"]
[EventDate "2006.09.07"]

1. d4 d5 2. Nf3 e6 3. Bf4 c5 4. e3 Nc6 5. c3 Bd6 6. Bg3 Nf6 7. Nbd2 O-O 8. Bd3
b6 9. Qe2 Re8 10. O-O Bxg3 11. hxg3 Bb7 12. Rfe1 e5 13. dxe5 Nxe5 14. Nxe5 Rxe5
15. Ba6 Bxa6 16. Qxa6 Qe7 17. Qd3 Re8 18. Rad1 Qe6 19. Nf1 Ng4 20. Nh2 Nxh2 21.
Kxh2 g6 22. Kg1 h5 23. b3 Kg7 24. Rd2 Qe7 25. Red1 Rh8 26. Qe2 h4 27. g4 Qe6
1/2-1/2

[Event "Mitropacup 2006 Women´s section"]
[Site "Brno, Hotel Bobbycentrum"]
[Date "????.??.??"]
[Round "9.3"]
[White "Padurariu, Ioana-Smaranda"]
[Black "Novak, Ksenija"]
[Result "1/2-1/2"]
[WhiteElo "2221"]
[BlackElo "2169"]
[PlyCount "111"]
[EventDate "2006.09.07"]

1. e4 c5 2. Nc3 Nc6 3. f4 g6 4. Nf3 Bg7 5. Bb5 Nd4 6. O-O a6 7. Bd3 d6 8. Nxd4
cxd4 9. Ne2 Nf6 10. Kh1 O-O 11. Nxd4 Nxe4 12. Bxe4 Bxd4 13. Qf3 Rb8 14. c3 Bg7
15. d4 b5 16. f5 Qc7 17. h4 gxf5 18. Bxf5 e6 19. Bd3 f5 20. Bg5 Bb7 21. Qe2 Qf7
22. a4 Bc6 23. axb5 axb5 24. Ra6 Rfc8 25. Ra5 h6 26. Bd2 Qe7 27. Kg1 Qd7 28.
Qh5 Qe8 29. Qxe8+ Bxe8 30. d5 b4 31. dxe6 bxc3 32. Bxc3 Bxc3 33. bxc3 Rxc3 34.
Bxf5 Re3 35. Rd5 Rb6 36. Rfd1 Re5 37. Rxe5 dxe5 38. Rd5 Kg7 39. Rxe5 Kf6 40.
Rc5 Rb5 41. Rc8 Rxf5 42. Rxe8 Re5 43. Kf2 h5 44. Kf3 Rf5+ 45. Kg3 Re5 46. Rh8
Kxe6 47. Rh6+ Kf7 48. Kf4 Ra5 49. Rd6 Rb5 50. Rd4 Kf6 51. Ra4 Rc5 52. g3 Rb5
53. Ra6+ Kf7 54. Ra4 Kf6 55. Re4 Ra5 56. Rb4 1/2-1/2

[Event "Mitropacup 2006 Women´s section"]
[Site "Brno, Hotel Bobbycentrum"]
[Date "????.??.??"]
[Round "9.4"]
[White "Delorme, Laurie"]
[Black "Blazkova, Petra"]
[Result "0-1"]
[WhiteElo "2068"]
[BlackElo "2173"]
[PlyCount "56"]
[EventDate "2006.09.07"]

1. e4 c5 2. Ne2 a6 3. g3 d5 4. Bg2 dxe4 5. Bxe4 Nf6 6. Bg2 Nc6 7. O-O h5 8. d3
h4 9. Nbc3 hxg3 10. hxg3 Bg4 11. f3 Bf5 12. Ne4 Nxe4 13. dxe4 Bd7 14. Be3 Qa5
15. c3 e6 16. Qc2 O-O-O 17. a3 c4 18. b4 cxb3 19. Qxb3 Bc5 20. Nd4 Qc7 21. Bf2
Na5 22. Qc2 Bxd4 23. Bxd4 Qxg3 24. Rfb1 Rh5 25. a4 Rdh8 26. Kf1 e5 27. Bc5 Bh3
28. Rb4 Qxf3+ 0-1

[Event "Mitropacup 2006 Women´s section"]
[Site "Brno, Hotel Bobbycentrum"]
[Date "????.??.??"]
[Round "9.4"]
[White "Kulovana, Eva"]
[Black "Benard, Anne-Laurie"]
[Result "1-0"]
[WhiteElo "2199"]
[BlackElo "2046"]
[PlyCount "51"]
[EventDate "2006.09.07"]

1. e4 c5 2. Nf3 g6 3. c4 Bg7 4. d4 cxd4 5. Nxd4 Nc6 6. Be3 Nf6 7. Nc3 O-O 8.
Be2 b6 9. f4 Bb7 10. e5 Ne8 11. Bf3 Nc7 12. O-O f6 13. exf6 Bxf6 14. Qd2 Na5
15. Bxb7 Nxb7 16. Ne4 Qe8 17. Nxf6+ Rxf6 18. Nf3 Rd8 19. Ne5 d5 20. Ng4 Rc6 21.
Nh6+ Kg7 22. Bd4+ Kxh6 23. f5+ g5 24. Rf3 Rf6 25. Rh3+ Kg7 26. Qxg5+ 1-0

[Event "Mitropacup 2006 Women´s section"]
[Site "Brno, Hotel Bobbycentrum"]
[Date "????.??.??"]
[Round "9.5"]
[White "Franciskovic, Borka"]
[Black "Hodova, Lucie"]
[Result "1/2-1/2"]
[WhiteElo "2160"]
[BlackElo "2112"]
[PlyCount "60"]
[EventDate "2006.09.07"]

1. c4 c5 2. Nc3 Nf6 3. Nf3 d5 4. cxd5 Nxd5 5. Qa4+ Bd7 6. Qe4 Nxc3 7. dxc3 Nc6
8. g3 e6 9. Bg2 Be7 10. Ne5 O-O 11. Nxd7 Qxd7 12. Qa4 Rac8 13. O-O Rfd8 14. Be3
a6 15. Rfd1 Qc7 16. Rxd8+ Qxd8 17. Rd1 Qe8 18. Rd2 h6 19. Be4 Bf8 20. Bb1 Rd8
21. Qc2 g6 22. h4 h5 23. Bg5 Rd5 24. e4 Rd7 25. Qd1 Rxd2 26. Qxd2 Ne5 27. Qe2
Qd7 28. Bf4 Bg7 29. Bc2 b5 30. Kg2 c4 1/2-1/2

[Event "Mitropacup 2006 Women´s section"]
[Site "Brno, Hotel Bobbycentrum"]
[Date "????.??.??"]
[Round "9.5"]
[White "Balkova, Anna"]
[Black "Solic, Kristina"]
[Result "0-1"]
[WhiteElo "2014"]
[BlackElo "2156"]
[PlyCount "156"]
[EventDate "2006.09.07"]

1. e4 c5 2. Nf3 d6 3. d4 cxd4 4. Nxd4 Nf6 5. Nc3 Nc6 6. Bc4 Qb6 7. Nb3 e6 8.
O-O Be7 9. Be3 Qd8 10. Be2 O-O 11. f4 Qc7 12. Bf3 a6 13. Qe2 b5 14. Rad1 Bb7
15. Qf2 Rac8 16. Rfe1 Nd7 17. Rd2 b4 18. Na4 Rfe8 19. Red1 e5 20. Bg4 Rb8 21.
Nb6 Nf6 22. Bf3 Bf8 23. Nc4 Nd4 24. Nxd4 Qxc4 25. b3 Qc7 26. Nf5 Bxe4 27. Nxd6
Bxd6 28. Rxd6 Bxf3 29. gxf3 e4 30. Kh1 exf3 31. Qxf3 Qxc2 32. Rxf6 Rxe3 33.
Rfd6 Ree8 34. Qd5 h6 35. Rd7 Qe4+ 36. Qxe4 Rxe4 37. Ra7 Rb6 38. Rd8+ Kh7 39.
Rxf7 Re1+ 40. Kg2 Re2+ 41. Kf3 Rxh2 42. f5 Rh3+ 43. Kg2 Rh5 44. Kf3 Rg5 45. Kf4
Rf6 46. Rxf6 gxf6 47. Rd7+ Kg8 48. Rd6 Kf7 49. Rxa6 h5 50. Ra7+ Kg8 51. Ra6
Rg4+ 52. Kf3 Kg7 53. Re6 Rg5 54. Kf4 Rg2 55. Re7+ Kh6 56. Re8 Rg4+ 57. Kf3 Kg5
58. Rh8 Rf4+ 59. Kg3 h4+ 60. Kh3 Rf3+ 61. Kg2 Rxf5 62. Rg8+ Kh5 63. Rh8+ Kg4
64. Rg8+ Rg5 65. Rb8 Kh5+ 66. Kh3 Rg3+ 67. Kh2 Rg4 68. Kh3 f5 69. Rb5 Kg5 70.
Kh2 Re4 71. Ra5 Kg4 72. Ra8 Re2+ 73. Kg1 h3 74. Rg8+ Kf3 75. Rh8 Rg2+ 76. Kh1
h2 77. Rh3+ Kf2 78. Rh4 Kg3 0-1